Microelectronics: Circuit Analysis and Design (Record no. 3766)

MARC details
005 - DATE AND TIME OF LATEST TRANSACTION
control field 20250621113537.0
020 ## - INTERNATIONAL STANDARD BOOK NUMBER
International Standard Book Number 978-0-0-2523621
082 ## - DEWEY DECIMAL CLASSIFICATION NUMBER
Classification number LM 621.381 NEA
100 ## - MAIN ENTRY--PERSONAL NAME
Author name NEAMEN, D. A.
245 ## - TITLE STATEMENT
Title Microelectronics: Circuit Analysis and Design
250 ## - EDITION STATEMENT
Edition statement 3rd Ed.
260 ## - PUBLICATION, DISTRIBUTION, ETC.
Place of publication, distribution, etc. New York,
Name of publisher, distributor, etc. McGraw-Hill Higher Education,
Date of publication, distribution, etc. 2007.
300 ## - PHYSICAL DESCRIPTION
Extent xxi, 1370p.: figures,
Other physical details Index,
Dimensions 26cm.
856 ## - ELECTRONIC LOCATION AND ACCESS
Link text Access Online Book
Electronic name Microelectronics: Circuit Analysis and Design
Path www.mhhe.com
942 ## - ADDED ENTRY ELEMENTS (KOHA)
Source of classification or shelving scheme Dewey Decimal Classification
Koha item type Books
Holdings
Date last seen Total checkouts Full call number Barcode Cost, replacement price Price effective from Koha item type Lost status Source of classification or shelving scheme Damaged status Not for loan Withdrawn status Home library Current library Shelving location Date acquired Cost, normal purchase price
06/11/2025   LM 621.381 NEA 00000010832 195000.00 06/11/2025 Books   Dewey Decimal Classification       College of Business Education Main Library College of Business Education Main Library General Collection 12/08/2010 65000.00
06/11/2025   LM 621.381 NEA 00000010833 195000.00 06/11/2025 Books   Dewey Decimal Classification       College of Business Education Main Library College of Business Education Main Library General Collection 12/08/2010 65000.00